| 000 | 00692nam a2200217 i 4500 | ||
|---|---|---|---|
| 001 | 58929 | ||
| 003 | ES-MaACL | ||
| 005 | 20230906163924.0 | ||
| 007 | t| | ||
| 008 | 031024s1982 sp ||||1| spa d | ||
| 245 | 0 | 3 | _aLa economía española en la década de los 80. |
| 250 | _a[2ª ed., corr. y aum.]. | ||
| 260 |
_a[Madrid] : _bAlianza, _c[1982] |
||
| 300 |
_a439 p. ; _c23 cm. |
||
| 490 | 1 |
_aAlianza universidad. Textos ; _v44 |
|
| 500 | _aPrecede al tít.: Servicio de Estudios del Banco Urquijo. | ||
| 710 | 2 |
_aBanco Urquijo. _bServicio de Estudios. _92139 |
|
| 830 | 0 |
_aAlianza universidad. Textos ; _v44 _9177885 |
|
| 852 |
_aES-MaACL _jL-2460 _bR.103287 |
||
| 999 |
_c58929 _d58929 |
||